Регионална библиотека "Любен Каравелов" - Русе

Руководство по гистологии (Запис номер 418571)

MARC детайли
000 -Лидер
Контролно поле с фиксирана дължина nam a22 a 4500
003 - Код на организацията, давaща контролен номер
Контролно поле BLK
005 - Дата и час на последна редакция
Контролно поле 20221208031109.0
008 - Елементи от данни с фиксирана дължина
fixed length control field 210608b bu |||||r|||| 00| | bu d
040 ## - Източник на каталожния запис
Идентификатор на билиотеката - собственик на записа BLK
041 ## - Код за език
Код за езика на текст/звукозапис или на отделно заглавие Руски
Код за езика КДБФ Руски
080 ## - УДК
Текстов определител УДК Хистология. Тъкани и органи като съвкупност от клетки. Вж и 575. 8; 581. 8; 591. 8; 611-018
УДК код - определител по УДК 611-018
УДК - код + определител 611-018
100 ## - Редна дума - Автор
R(LIN) 1299
Автор Заварзин, Алексей Алексеевич
Авторска отговорност първи автор
139 ## - Редно поле
Редна дума Заварзин, Алексей Алексеевич и др.
245 ## - Сведения за заглавието
Заглавие Руководство по гистологии
Редно поле (дума) Алексей Алексеевич Заварзин, С. И. Щелкунов
250 ## - Област на изданието
Сведения за изданието 7. перераб. и доп. изд
260 ## - Област на издателските данни
9 (RLIN) 450579
Място на издаване, разпространение и проч. Ленинград
Име на издателя, разпространителя и проч. Медгиз, Ленингр. отд-ние
Година на издаване 1954
300 ## - Физическа характеристика
Страници 700 с.
Размери/Мащаб 27 см
380 ## - Жанр
Жанр Медицина
650 #0 - Допълнително описание по предмет – тема
9 (RLIN) 242738
Основно описание – тема или топоним Хистология - учебници за ВУЗ
653 #7 - Ключова дума – ненормативна
9 (RLIN) 200005
Ключова дума хистология
653 #7 - Ключова дума – ненормативна
9 (RLIN) 199104
Ключова дума учебници за ВУЗ
700 ## - Други автори (авторска отговорност)
Лично име Щелкунов, С. И.
Автороска отговорност (Описва отношението между автора и произведението) съавт.
9 (RLIN) 1445
852 ## - Местоположение
Форматна сигнатура Цб 6.265.47252
Фондова буква Основен фонд - ползва се само за читалня
999 ## - СИСТЕМНИ КОНТРОЛНИ НОМЕРА
Koha biblionumber 418571
Koha biblioitemnumber 418571
942 ## - АРТИКУЛИ
Вид на библиотечния материал Книги
Скрит в OPAC Не
Периодичен библиозапис Да
944 ## - СЪЗДАВАНЕ И РЕДАКЦИЯ на ЗАПИСА
Създаване/Редакция Създаване
Дата на регистрацията/редакция 2021-06-08
Служител, извършил регистрацията/редакцията Христина Везирева
Наличности
Код за отписване Код за изгубен артикул Източник на класификационната схема Код за повреда Коз за рестрикции Код за отдаване Артикулен № Име на библиотеката - собственик Име на библиотеката, в която се намира в момента Статус (Текущо местоположение) Дата на вписване в системата Местоположение - отдел Цена в лева Инвентарен номер Систематично азбучна сигнатура Баркод Цена в евро Служебен тип на артикула
  Не е изгубен Universal Decimal Classification Не е повреден само за читалня ползва се в читалня 835577 Регионална библиотека "Любен Каравелов" Русе Регионална библиотека "Любен Каравелов" Русе Хранилище 2021-06-09 Основен фонд - ползва се само за читалня 1.81 1201/56 Цб 6.265.47252 900000063603 0.93 Книги
Vip Innovations Ltd, Rousse, Bulgaria 2025